Jeux Vidéos sans voyelles #2 - Statistiques

Statistiques générales
  • Ce quiz a été pris 312 fois
  • Le résultat moyen est 15 sur 20
Statistiques - réponses
Indices Réponses % Correct
NML CRSSNG Animal Crossing
100%
PC-MN Pac-Man
97%
WRLD F WRCRFT World of Warcraft
97%
TH LST F S The Last of Us
96%
FRTNT Fortnite
93%
GD F WR God of War
92%
MNSTR HNTR Monster Hunter
88%
TMB RDR Tomb Raider
87%
BRDRLNDS Borderlands
86%
MRTL KMBT Mortal Kombat
85%
CNTR-STRK Counter-Strike
84%
LDN RNG Elden Ring
79%
NGR BRDS Angry Birds
70%
PRFSSR LTN Professeur Layton
68%
DD B DLGHT Dead by Daylight
59%
HRZN ZR DWN Horizon Zero Dawn
58%
CSTLVN Castlevania
57%
DCK HNT Duck Hunt
57%
CPHD Cuphead
40%
GTR HR Guitar Hero
15%
Aucun quiz correspondant
Distribution des résultats
% des personnes avec chaque résultat
Percentile par nombre de réponses
Votre historique - résultats
Vous n’avez pas pris ce quiz